Electronic MOV-based voltage clamping circuit for DC solid-state circuit breaker application / (Record no. 19525)
[ view plain ]
| 000 -LEADER | |
|---|---|
| fixed length control field | 01031nam a22002417a 4500 |
| 003 - CONTROL NUMBER IDENTIFIER | |
| control field | OSt |
| 005 - DATE AND TIME OF LATEST TRANSACTION | |
| control field | 20250827101309.0 |
| 008 - FIXED-LENGTH DATA ELEMENTS--GENERAL INFORMATION | |
| fixed length control field | 240305b ||||| |||| 00| 0 eng d |
| 040 ## - CATALOGING SOURCE | |
| Transcribing agency | 0 |
| 082 ## - DEWEY DECIMAL CLASSIFICATION NUMBER | |
| Classification number | DPer 621.317 Ie21 July 2022 v. 37 n. 7 |
| 100 ## - MAIN ENTRY--PERSONAL NAME | |
| Personal name | Ravi, Lakshmi. |
| Relator term | author. |
| 9 (RLIN) | 53989 |
| 245 ## - TITLE STATEMENT | |
| Title | Electronic MOV-based voltage clamping circuit for DC solid-state circuit breaker application / |
| Statement of responsibility, etc. | Lakshmi Ravi, Di Zhang, Dehao Qin, Zheyu Zhang, Yuntao Xu, and Dong Dong. |
| 260 ## - PUBLICATION, DISTRIBUTION, ETC. (IMPRINT) | |
| Place of publication, distribution, etc. | New York ; |
| Name of publisher, distributor, etc. | The Institute of Electrical and Electronics Engineers, Inc. , |
| Date of publication, distribution, etc. | July 2022. |
| 300 ## - PHYSICAL DESCRIPTION | |
| Extent | volume 37, pages 7561-7565 : |
| Other physical details | illustration ; |
| Dimensions | 28 cm. |
| 500 ## - GENERAL NOTE | |
| General note | IEEE Transaction on Power Electronics Society, vol. 37, no. 7, pages 7561-7565,July 2022. |
| 700 ## - ADDED ENTRY--PERSONAL NAME | |
| Personal name | Ravi, Lakshmi. |
| Relator term | author. |
| 9 (RLIN) | 53989 |
| 700 ## - ADDED ENTRY--PERSONAL NAME | |
| Personal name | Zhang, Di. |
| Relator term | author. |
| 9 (RLIN) | 53990 |
| 700 ## - ADDED ENTRY--PERSONAL NAME | |
| Personal name | Qin, Dehao. |
| Relator term | author. |
| 9 (RLIN) | 53991 |
| 700 ## - ADDED ENTRY--PERSONAL NAME | |
| Personal name | Zhang, Zheyu. |
| Relator term | author. |
| 9 (RLIN) | 53992 |
| 700 ## - ADDED ENTRY--PERSONAL NAME | |
| Personal name | Xu, Yuntao. |
| Relator term | author. |
| 9 (RLIN) | 53993 |
| 700 ## - ADDED ENTRY--PERSONAL NAME | |
| Personal name | Dong, Dong. |
| Relator term | author. |
| 9 (RLIN) | 53994 |
| 942 ## - ADDED ENTRY ELEMENTS (KOHA) | |
| Source of classification or shelving scheme | Dewey Decimal Classification |
| Koha item type | Periodicals |
| Withdrawn status | Lost status | Source of classification or shelving scheme | Damaged status | Not for loan | Collection code | Home library | Current library | Date acquired | Total Checkouts | Full call number | Date last seen | Price effective from | Koha item type | Public note |
|---|---|---|---|---|---|---|---|---|---|---|---|---|---|---|
| Dewey Decimal Classification | Periodicals | UM Digos College - LIC | UM Digos College - LIC | 03/05/2024 | DPer 621.317 Ie21 July 2022 v. 37 n. 7 | 03/05/2024 | 03/05/2024 | Periodicals | Periodical Article |
